| 000 | 00505nam a2200157 i 4500 | ||
|---|---|---|---|
| 001 | 81787 | ||
| 003 | ES-MaACL | ||
| 005 | 20230906174519.0 | ||
| 007 | t| | ||
| 008 | 041108s1967 sp ||||1| spa d | ||
| 100 | 1 |
_aIbáñez Arana, Andrés. _964914 |
|
| 245 | 1 | 3 |
_aLa doctrina sobre la tradición en la escuela salmantina _b: (siglo XVI)) / _cAndrés Ibáñez Arana. |
| 260 |
_aVitoria : _bEset : _bSeminario Diocesano, _c1967. |
||
| 300 |
_aXX, 377 p. ; _c24 cm. |
||
| 852 |
_aES-MaACL _jC-31525 _bR.62204 |
||
| 999 |
_c81787 _d81787 |
||